[Event "World Blitz 2023"]
[Site "Samarkand UZB"]
[Date "2023.12.29"]
[EventDate "2023.12.29"]
[Round "3.28"]
[Result "0-1"]
[White "Mamikon Gharibyan"]
[Black "Renato Terry"]
[WhiteElo "2444"]
[BlackElo "2578"]
[PlyCount "140"]

1. d4 e6 2. Nf3 Nf6 3. Bf4 b6 4. e3 Bb7 5. h3 Bd6 6. Ne5 Be7 7. Nd2 d6 8.
Nef3 Nbd7 9. c3 O-O 10. Bd3 Re8 11. O-O Bf8 12. e4 e5 13. Bg5 h6 14. Bh4 g5
15. Nxg5 hxg5 16. Bxg5 Be7 17. f4 Nh7 18. Bxe7 Qxe7 19. fxe5 dxe5 20. Bc4
Rf8 21. Qg4+ Kh8 22. Qf5 Rad8 23. Rae1 Qg5 24. Qf2 exd4 25. cxd4 Ne5 26.
Re2 Nxc4 27. Nxc4 Ba6 28. b3 Bxc4 29. bxc4 Rg8 30. e5 Rg7 31. d5 Rdg8 32.
Kh2 Qh5 33. Qf3 Qh4 34. Qf4 Qh5 35. Rff2 Re8 36. Re3 Qg6 37. Ref3 Qg5 38.
Qxg5 Nxg5 39. Rf5 Kg8 40. R2f4 Nh7 41. h4 Nf8 42. h5 Nd7 43. Re4 Nc5 44.
Ref4 Nd3 45. Re4 Nc5 46. Ref4 Nd7 47. Re4 a6 48. g4 b5 49. cxb5 axb5 50.
Kg3 Nb6 51. e6 fxe6 52. dxe6 Nc4 53. Rd5 Nd6 54. Re3 Rge7 55. Rde5 Nc4 56.
Rg5+ Kh7 57. Re2 Nd6 58. Rge5 Nc4 59. Rxb5 Nd6 60. Rc5 Kh6 61. Kh4 Ra8 62.
g5+ Kh7 63. Rec2 Ra4+ 64. Kh3 Ra3+ 65. Kh4 Ra4+ 66. Kh3 Ra7 67. a4 Ne4 68.
Re5 Rxe6 69. g6+ Kh6 70. Rxe6 0-1

[Event "World Blitz 2023"]
[Site "Samarkand UZB"]
[Date "2023.12.29"]
[EventDate "2023.12.29"]
[Round "3.29"]
[Result "1-0"]
[White "Ramazan Zhalmakhanov"]
[Black "Sabino Brunello"]
[WhiteElo "2427"]
[BlackElo "2573"]
[PlyCount "100"]

1. Nc3 d5 2. d4 Nf6 3. Bf4 e6 4. Nb5 Bb4+ 5. c3 Ba5 6. Qa4 Nc6 7. e3 a6 8.
Na3 Bd7 9. Qc2 Ne7 10. Bd3 Ng6 11. Bg3 Nh5 12. Nf3 c6 13. Bd6 Bc8 14. Be5
Qe7 15. Nb1 Nxe5 16. Nxe5 f6 17. Nf3 e5 18. Be2 g6 19. Na3 Ng7 20. O-O-O e4
21. Nd2 b5 22. f3 Nf5 23. Nf1 Nd6 24. Qb3 Bc7 25. Nc2 a5 26. a3 O-O 27. Ng3
Kg7 28. fxe4 dxe4 29. d5 c5 30. Bxb5 Bg4 31. a4 Bxd1 32. Rxd1 Rfb8 33. Na3
Nxb5 34. Nxb5 Bxg3 35. hxg3 Qe5 36. Qc4 Rd8 37. Qxc5 Rd7 38. Qd4 Qxg3 39.
c4 Rc8 40. c5 Qxg2 41. Kb1 Qe2 42. Ka2 Qc2 43. Rf1 Rf7 44. c6 h5 45. Nd6
Rb8 46. Nxf7 Qb3+ 47. Kb1 Qd3+ 48. Qxd3 exd3 49. Nd6 h4 50. c7 1-0

[Event "World Blitz 2023"]
[Site "Samarkand UZB"]
[Date "2023.12.29"]
[EventDate "2023.12.29"]
[Round "3.30"]
[Result "1-0"]
[White "Timur Gareyev"]
[Black "Andrey Gorovets"]
[WhiteElo "2569"]
[BlackElo "2418"]
[PlyCount "76"]

1. d4 Nf6 2. c4 g6 3. Nc3 Bg7 4. e4 d6 5. Be2 O-O 6. Be3 c6 7. g4 d5 8. e5
Ne4 9. h4 Qa5 10. h5 Nxc3 11. Qd2 dxc4 12. bxc3 Rd8 13. hxg6 hxg6 14. f4 c5
15. f5 cxd4 16. Bxd4 Nc6 17. Nf3 Nxd4 18. cxd4 Qxd2+ 19. Kxd2 b5 20. Ke3
Bb7 21. Rh4 Rac8 22. Ng5 b4 23. fxg6 fxg6 24. Ne6 Bd5 25. Nxd8 Rxd8 26. g5
a5 27. Bf3 e6 28. Bxd5 exd5 29. Rf4 a4 30. Kd2 Rb8 31. Kc2 a3 32. Rb1 Rb7
33. Rf3 Rb6 34. Rxa3 Bf8 35. Ra8 Rb7 36. Rf1 Rf7 37. Rf6 Kg7 38. e6 1-0

[Event "World Blitz 2023"]
[Site "Samarkand UZB"]
[Date "2023.12.29"]
[EventDate "2023.12.29"]
[Round "3.31"]
[Result "0-1"]
[White "Matvey Galchenko"]
[Black "Sanan Sjugirov"]
[WhiteElo "2424"]
[BlackElo "2569"]
[PlyCount "102"]

1. e4 c5 2. c3 Nf6 3. e5 Nd5 4. Nf3 d6 5. Bb5+ Nc6 6. O-O e6 7. exd6 Bxd6
8. d4 O-O 9. dxc5 Bxc5 10. Qe2 Qc7 11. Nbd2 b6 12. Ne4 Be7 13. Bg5 Bb7 14.
Rad1 Rad8 15. Qc4 Bxg5 16. Nexg5 h6 17. Ne4 Rc8 18. Qa4 Rfd8 19. Ba6 Bxa6
20. Qxa6 Na5 21. Nd4 Qc4 22. Qxc4 Nxc4 23. b3 Nb2 24. Rb1 Nd3 25. c4 N5f4
26. Nb5 a6 27. Nbc3 b5 28. cxb5 f5 29. bxa6 fxe4 30. Nxe4 Ra8 31. Rfd1 Rd4
32. f3 Rxa6 33. Rd2 e5 34. g3 Nd5 35. a4 Rc6 36. a5 N5b4 37. Ra1 Kh7 38. h4
Kg6 39. g4 Kf7 40. Kf1 Ra6 41. Nc3 Nc5 42. Rb2 Nbd3 43. Rbb1 Rb4 44. Ra3
Nb7 45. Nd5 Rd4 46. Nc3 Rxa5 47. Rba1 Rxa3 48. Rxa3 Nbc5 49. Ra7+ Rd7 50.
Ra5 Nxb3 51. Rb5 Nd4 0-1

[Event "World Blitz 2023"]
[Site "Samarkand UZB"]
[Date "2023.12.29"]
[EventDate "2023.12.29"]
[Round "3.32"]
[Result "1-0"]
[White "Daniel Dardha"]
[Black "Arystanbek Urazayev"]
[WhiteElo "2568"]
[BlackElo "2408"]
[PlyCount "64"]

1. d4 d5 2. Nf3 Nf6 3. c4 e6 4. Nc3 a6 5. cxd5 exd5 6. Bg5 Be6 7. Bxf6 Qxf6
8. Qb3 Ra7 9. g3 Qd8 10. h4 h6 11. Bh3 Bxh3 12. Rxh3 c6 13. e4 dxe4 14. Ne5
b5 15. O-O-O Bd6 16. Nxe4 O-O 17. g4 Bxe5 18. dxe5 Qe7 19. f4 Rd7 20. Nd6
c5 21. g5 h5 22. Qd5 Qe6 23. Re3 Qxd5 24. Rxd5 c4 25. Rc5 Re7 26. a4 bxa4
27. Rxc4 Rd8 28. Rec3 Nd7 29. Rc7 Re6 30. Nb7 Rb8 31. Rxd7 Rb6 32. Rcc7 1-0

[Event "World Blitz 2023"]
[Site "Samarkand UZB"]
[Date "2023.12.29"]
[EventDate "2023.12.29"]
[Round "3.33"]
[Result "1/2-1/2"]
[White "Abdimalik Abdisalimov"]
[Black "Henriquez Villagra, Cristobal"]
[WhiteElo "2417"]
[BlackElo "2568"]
[PlyCount "132"]

1. c4 Nf6 2. Nc3 g6 3. e4 d6 4. d4 Bg7 5. h3 Nbd7 6. Nf3 e5 7. Bd3 O-O 8.
O-O Nh5 9. Be3 exd4 10. Nxd4 Nf4 11. Bxf4 Bxd4 12. Qd2 Bg7 13. Rad1 Nc5 14.
Bb1 Be6 15. Nd5 Bxd5 16. cxd5 a5 17. b3 Qd7 18. Be3 Qb5 19. Rfe1 Rfe8 20.
Bd4 Re7 21. Bxg7 Kxg7 22. Qc3+ f6 23. Rd4 Rae8 24. Re3 b6 25. Bc2 Qd7 26.
a3 Ra8 27. Kh2 Qe8 28. b4 axb4 29. axb4 Na4 30. Bxa4 Rxa4 31. Rc4 Ra7 32.
Qd4 Rf7 33. f4 Kg8 34. Rec3 Qf8 35. Qd3 Qe8 36. Qc2 Qe7 37. Kg3 b5 38. Rd4
g5 39. Qd2 gxf4+ 40. Qxf4 Qe5 41. Qxe5 fxe5 42. Rd2 Ra4 43. Rb2 Kf8 44. Rf3
Rxf3+ 45. gxf3 Ke7 46. Kg4 Ra3 47. h4 Kd7 48. f4 exf4 49. Kxf4 Rc3 50. Rg2
h5 51. Rg5 Rc4 52. Rxh5 Rxb4 53. Rh7+ Kc8 54. h5 Rb1 55. h6 Rh1 56. Kg5
Rg1+ 57. Kf6 Rf1+ 58. Kg7 Rg1+ 59. Kf8 Rh1 60. Kg7 Rg1+ 61. Kf6 Rf1+ 62.
Kg5 Rg1+ 63. Kh5 Rh1+ 64. Kg5 Rg1+ 65. Kf4 Rf1+ 66. Kg4 Rg1+ 1/2-1/2

[Event "World Blitz 2023"]
[Site "Samarkand UZB"]
[Date "2023.12.29"]
[EventDate "2023.12.29"]
[Round "3.34"]
[Result "0-1"]
[White "Gadir Guseinov"]
[Black "Ortik Nigmatov"]
[WhiteElo "2563"]
[BlackElo "2382"]
[PlyCount "90"]

1. e4 c5 2. Nc3 e6 3. Nf3 d6 4. d4 cxd4 5. Nxd4 Nf6 6. g3 a6 7. Bg2 Be7 8.
O-O O-O 9. f4 Qc7 10. g4 Nc6 11. g5 Nd7 12. Be3 Nxd4 13. Qxd4 e5 14. Nd5
Qd8 15. Qc3 exf4 16. Bd4 Ne5 17. h4 Be6 18. Nxe7+ Qxe7 19. Bxe5 Rac8 20.
Bf6 gxf6 21. gxf6 Qd8 22. Qd4 Rxc2 23. Rxf4 Kh8 24. Raf1 Rg8 25. R1f2 Rxf2
26. Rxf2 Qc7 27. b3 Rg4 28. Qe3 Rg8 29. Kh2 Qa5 30. Qf4 Rg4 31. Qxd6 Rxh4+
32. Kg3 Rg4+ 33. Kh2 Rg8 34. Qf4 Qh5+ 35. Kg1 Bh3 36. Qd2 Qg4 37. Qe2 Qg5
38. Qd2 Qg6 39. Qe2 Bg4 40. Qd2 Be6 41. Qf4 Rd8 42. e5 Rg8 43. Qh4 Bd5 44.
Qh3 Qg5 45. Qh2 0-1

[Event "World Blitz 2023"]
[Site "Samarkand UZB"]
[Date "2023.12.29"]
[EventDate "2023.12.29"]
[Round "3.35"]
[Result "1-0"]
[White "Zhandos Agmanov"]
[Black "V Pranav"]
[WhiteElo "2407"]
[BlackElo "2562"]
[PlyCount "64"]

1. e4 c6 2. d4 d5 3. e5 Bf5 4. Nf3 e6 5. Be2 c5 6. Be3 Qb6 7. Nc3 Nc6 8.
O-O Qxb2 9. Qe1 cxd4 10. Bxd4 Nxd4 11. Nxd4 Bb4 12. Ndb5 Bxc3 13. Nxc3 Ne7
14. Rb1 Qxc2 15. Rxb7 Kf8 16. Nb5 Nc6 17. Rc7 Bg6 18. Nd6 a6 19. Bxa6 Rxa6
20. Rc8+ Ke7 21. Rxh8 f6 22. exf6+ gxf6 23. Nb5 Rb6 24. Nc7 Ne5 25. Na8 Rb7
26. Qa5 Nc6 27. Qa3+ Kd7 28. Qf8 e5 29. Qc8+ Kd6 30. Qxb7 Nd4 31. Rd8+ Ke6
32. Qd7# 1-0

[Event "World Blitz 2023"]
[Site "Samarkand UZB"]
[Date "2023.12.29"]
[EventDate "2023.12.29"]
[Round "3.36"]
[Result "1/2-1/2"]
[White "Maksim Chigaev"]
[Black "Alisher Suleymenov"]
[WhiteElo "2561"]
[BlackElo "2326"]
[PlyCount "146"]

1. c4 Nf6 2. g3 c5 3. Bg2 g6 4. b3 Bg7 5. Bb2 O-O 6. Nf3 Nc6 7. O-O d6 8.
d4 cxd4 9. Nxd4 Bd7 10. Nc3 Rc8 11. e3 a6 12. Rc1 Nxd4 13. Qxd4 Bc6 14. Nd5
Nh5 15. Qd2 Bxb2 16. Qxb2 e6 17. Nc3 Bxg2 18. Kxg2 Nf6 19. Rfd1 Qe7 20. Rd4
Rfd8 21. Rcd1 b5 22. cxb5 axb5 23. Kg1 Rc5 24. b4 Rh5 25. Qe2 Qb7 26. e4
Rc8 27. Qf3 Ne8 28. h4 Qc7 29. Ne2 Qa7 30. R4d2 Rc4 31. a3 Re5 32. Nd4 Kg7
33. Qe3 Qb7 34. Re2 Nf6 35. f3 d5 36. Qf4 Rh5 37. e5 Nd7 38. Kg2 Qc7 39.
Nxb5 Qb8 40. Nd4 Rxe5 41. Rxe5 Qxe5 42. Qxe5+ Nxe5 43. b5 Nd7 44. Kf2 Ra4
45. f4 Rxa3 46. Rb1 Nb6 47. Nc6 Rc3 48. Ne5 f6 49. Nc6 Kf7 50. Ra1 Rb3 51.
Ra7+ Kg8 52. Nd4 Rb2+ 53. Kg1 e5 54. Ne6 exf4 55. Rg7+ Kh8 56. Rf7 h5 57.
Nxf4 Rxb5 58. Rxf6 d4 59. Rxg6 Nd5 60. Rh6+ Kg7 61. Rxh5 Rb1+ 62. Kh2 Nxf4
63. gxf4 Kg6 64. Rd5 Rb3 65. Kg2 Ra3 66. Kf2 Rh3 67. h5+ Rxh5 68. Rxd4 Rh3
69. Kg2 Ra3 70. Rd5 Kf6 71. Re5 Kg6 72. Rd5 Kf6 73. Re5 1/2-1/2

[Event "World Blitz 2023"]
[Site "Samarkand UZB"]
[Date "2023.12.29"]
[EventDate "2023.12.29"]
[Round "3.37"]
[Result "1/2-1/2"]
[White "Aldiyar Ansat"]
[Black "Rinat Jumabayev"]
[WhiteElo "2404"]
[BlackElo "2561"]
[PlyCount "162"]

1. e4 e5 2. Nf3 Nc6 3. Bb5 a6 4. Ba4 Bc5 5. O-O Nge7 6. c3 Ba7 7. d4 O-O 8.
d5 Na5 9. Nxe5 d6 10. Nd3 f5 11. e5 dxe5 12. Nxe5 b5 13. Bc2 Bb7 14. b4 Nc4
15. Nxc4 bxc4 16. Na3 Nxd5 17. Nxc4 Nxc3 18. Qxd8 Raxd8 19. Bg5 Rd4 20. Na5
Bxg2 21. Kxg2 Rg4+ 22. Kf3 Rxg5 23. Nc6 Bb6 24. a4 Rf6 25. Bb3+ Kh8 26. Ne5
h5 27. Nf7+ Rxf7 28. Bxf7 Rg4 29. a5 Bd4 30. Bxh5 Rg5 31. Bf7 Rg4 32. h3
Rh4 33. Rfe1 g5 34. Be6 Rf4+ 35. Kg2 Rxf2+ 36. Kh1 Ne4 37. Rxe4 fxe4 38.
Rd1 e3 39. Bc4 Bc3 40. Rd8+ Kg7 41. Re8 Bxb4 42. Rxe3 Bxa5 43. Bxa6 Bb6 44.
Re6 Bd4 45. Bc4 c5 46. Rc6 Rc2 47. Bd3 Rc3 48. Bf5 Kf7 49. Kg2 Be5 50. Rg6
Bf4 51. Rc6 Ke7 52. Be6 Rg3+ 53. Kf2 Rc3 54. Kg2 Rc2+ 55. Kf3 Rc1 56. Kg4
Be3 57. Kf5 Rf1+ 58. Ke4 Bd4 59. Bg4 Re1+ 60. Kf5 Re5+ 61. Kg6 Be3 62. Rc8
Kd6 63. Kf6 Bd4 64. Kg6 Kd5 65. Bf3+ Kc4 66. Bg4 Kc3 67. Bf5 Be3 68. Kf6
Bf4 69. Be6 Kd4 70. Bf7 Re3 71. Be6 Ra3 72. Kg6 Ra6 73. Kf5 Bc1 74. Rd8+
Kc3 75. Rc8 Be3 76. Bd5 Rh6 77. Kg4 Rh4+ 78. Kg3 c4 79. Rxc4+ Rxc4 80. Bxc4
Kxc4 81. h4 1/2-1/2

[Event "World Blitz 2023"]
[Site "Samarkand UZB"]
[Date "2023.12.29"]
[EventDate "2023.12.29"]
[Round "3.38"]
[Result "1-0"]
[White "Robert Ruck"]
[Black "Kanan Garayev"]
[WhiteElo "2561"]
[BlackElo "2260"]
[PlyCount "72"]

1. Nf3 d5 2. d4 e6 3. c4 c5 4. cxd5 exd5 5. Nc3 Nc6 6. g3 Nf6 7. Bg2 cxd4
8. Nxd4 Bc5 9. Nb3 Bb6 10. O-O d4 11. Na4 O-O 12. Bg5 h6 13. Bxf6 Qxf6 14.
Qd2 Re8 15. Rfe1 Bg4 16. Nac5 Qe7 17. Rac1 Rac8 18. Nd3 Rcd8 19. Nbc5 Bc8
20. b4 Ne5 21. Nxe5 Qxe5 22. Nxb7 h5 23. Nxd8 Rxd8 24. a4 a5 25. b5 h4 26.
Qf4 Qe8 27. Qxh4 Be6 28. Rc6 Rb8 29. Be4 g6 30. Rec1 Bd8 31. Qf4 Be7 32.
Bxg6 Bd7 33. Bxf7+ Qxf7 34. Qxb8+ Kg7 35. Qe5+ Kh7 36. Rc7 1-0

[Event "World Blitz 2023"]
[Site "Samarkand UZB"]
[Date "2023.12.29"]
[EventDate "2023.12.29"]
[Round "3.39"]
[Result "1/2-1/2"]
[White "Emin Ohanyan"]
[Black "Mikhail Kobalia"]
[WhiteElo "2387"]
[BlackElo "2558"]
[PlyCount "100"]

1. d4 d5 2. c4 c6 3. Nf3 Nf6 4. Nc3 e6 5. Bg5 Nbd7 6. e3 h6 7. Bh4 Be7 8.
Bd3 dxc4 9. Bxc4 b5 10. Bd3 a6 11. O-O c5 12. dxc5 Nxc5 13. Be2 Bb7 14.
Qxd8+ Rxd8 15. Rad1 O-O 16. Bg3 b4 17. Nb1 Nfe4 18. Bc7 Rc8 19. Bb6 Bf6 20.
Bxc5 Rxc5 21. Nd4 Rd8 22. Bf3 Bxd4 23. exd4 Rc2 24. Rfe1 f5 25. Re2 Rdc8
26. Kf1 Rxe2 27. Bxe2 Rc2 28. b3 Rxa2 29. f3 Nc3 30. Nxc3 bxc3 31. Rc1 c2
32. Bc4 Bd5 33. Ke2 Kf7 34. Kd2 Ke7 35. Rxc2 Rxc2+ 36. Kxc2 Bxc4 37. bxc4
f4 38. Kb3 e5 39. d5 Kd6 40. Kb4 g5 41. h3 h5 42. Ka5 g4 43. hxg4 hxg4 44.
Kb6 e4 45. c5+ Kxd5 46. fxe4+ Kxe4 47. c6 f3 48. gxf3+ gxf3 49. c7 f2 50.
c8=Q f1=Q 1/2-1/2

[Event "World Blitz 2023"]
[Site "Samarkand UZB"]
[Date "2023.12.29"]
[EventDate "2023.12.29"]
[Round "3.40"]
[Result "1-0"]
[White "Denis Lazavik"]
[Black "Mukhammadali Abdurakhmonov"]
[WhiteElo "2556"]
[BlackElo "2214"]
[PlyCount "114"]

1. d4 Nf6 2. c4 e6 3. Nf3 d5 4. g3 dxc4 5. Bg2 a6 6. O-O Nc6 7. e3 Rb8 8.
Nfd2 e5 9. Bxc6+ bxc6 10. dxe5 Ng4 11. Nxc4 Qxd1 12. Rxd1 Be6 13. b3 Bxc4
14. bxc4 Nxe5 15. Nd2 Be7 16. f4 Nd3 17. Nb3 Nc5 18. Nd4 Rb4 19. Nxc6 Rxc4
20. Ba3 Bd6 21. Rac1 Rxc1 22. Rxc1 Ne4 23. Bxd6 cxd6 24. Nb8 Ke7 25. Nxa6
Ra8 26. Nb4 Ra4 27. Rc4 Nc5 28. Nd5+ Ke6 29. Rxa4 Nxa4 30. Nb4 Nc3 31. Kf1
d5 32. Ke1 Kd6 33. Kd2 Ne4+ 34. Kd3 Kc5 35. Nc2 Nf2+ 36. Ke2 Ne4 37. a3 h5
38. Nd4 g6 39. Nf3 f6 40. Nh4 g5 41. Nf5 Nc3+ 42. Kd3 Ne4 43. a4 Nf2+ 44.
Ke2 Ne4 45. a5 Kb5 46. Ne7 Kxa5 47. Nxd5 Kb5 48. Kd3 Nf2+ 49. Kd4 gxf4 50.
exf4 Ng4 51. h3 Nh6 52. Ke4 Ng8 53. Kf5 Kc5 54. Nxf6 Ne7+ 55. Kg5 Kd4 56.
Nxh5 Ke4 57. g4 1-0

[Event "World Blitz 2023"]
[Site "Samarkand UZB"]
[Date "2023.12.29"]
[EventDate "2023.12.29"]
[Round "3.41"]
[Result "0-1"]
[White "Ediz Gurel"]
[Black "Alexander Moiseenko"]
[WhiteElo "2359"]
[BlackElo "2556"]
[PlyCount "78"]

1. e4 c5 2. Nf3 Nc6 3. d4 cxd4 4. Nxd4 e5 5. Nb5 d6 6. N1c3 Nf6 7. Bg5 a6
8. Na3 b5 9. Nd5 Be7 10. Bxf6 Bxf6 11. c4 b4 12. Nc2 O-O 13. g3 a5 14. h4
g6 15. Bh3 Bb7 16. Kf1 Bg7 17. Kg2 a4 18. Qd3 Rb8 19. b3 Ba8 20. Rad1 axb3
21. axb3 Nd4 22. Nxd4 exd4 23. h5 Bxd5 24. cxd5 Ra8 25. Rc1 Ra2 26. Ra1
Rxa1 27. Rxa1 Qc7 28. Qd1 Re8 29. Rc1 Qe7 30. f3 Ra8 31. hxg6 hxg6 32. Qd3
Ra2+ 33. Rc2 Qa7 34. Qd2 Rxc2 35. Qxc2 Qa1 36. Qc8+ Bf8 37. Qc4 Qc3 38. Kf2
Qe3+ 39. Kg2 d3 0-1

[Event "World Blitz 2023"]
[Site "Samarkand UZB"]
[Date "2023.12.29"]
[EventDate "2023.12.29"]
[Round "3.42"]
[Result "1-0"]
[White "Manuel Petrosyan"]
[Black "Shahruh Turayev"]
[WhiteElo "2556"]
[BlackElo "2168"]
[PlyCount "50"]

1. Nf3 d5 2. d4 Nf6 3. Bf4 c5 4. e3 Nc6 5. Nbd2 g6 6. c3 Qb6 7. Qb3 c4 8.
Qxb6 axb6 9. e4 dxe4 10. Ng5 b5 11. Ngxe4 Bg7 12. Nxf6+ Bxf6 13. Be2 O-O
14. Bh6 Rd8 15. f4 Be6 16. Bf3 b4 17. Ne4 bxc3 18. bxc3 Ra3 19. O-O Bg7 20.
Bxg7 Kxg7 21. Nc5 Bc8 22. Rfc1 b6 23. Ne4 e6 24. Nd2 Ba6 25. Bxc6 1-0

[Event "World Blitz 2023"]
[Site "Samarkand UZB"]
[Date "2023.12.29"]
[EventDate "2023.12.29"]
[Round "3.44"]
[Result "0-1"]
[White "Artem Pingin"]
[Black "Denis Khismatullin"]
[WhiteElo "2358"]
[BlackElo "2552"]
[PlyCount "50"]

1. e4 c5 2. Nf3 e6 3. d4 cxd4 4. Nxd4 a6 5. Bd3 Bc5 6. Nb3 Be7 7. Qg4 g6 8.
Qe2 d6 9. a4 b6 10. O-O Bb7 11. N1d2 Nd7 12. Nc4 h5 13. Be3 Ngf6 14. a5
bxa5 15. Bd2 d5 16. exd5 Bxd5 17. Nbxa5 Nc5 18. Bf4 Nxd3 19. Qxd3 O-O 20.
Ne3 Be4 21. Qe2 Qb6 22. Nac4 Qb7 23. Nd6 Qc6 24. Nxe4 Qxe4 25. Bg5 Rfc8 0-1

[Event "World Blitz 2023"]
[Site "Samarkand UZB"]
[Date "2023.12.29"]
[EventDate "2023.12.29"]
[Round "3.45"]
[Result "1/2-1/2"]
[White "Mahammad Muradli"]
[Black "Daler Vakhidov"]
[WhiteElo "2551"]
[BlackElo "2110"]
[PlyCount "104"]

1. d4 Nf6 2. c4 c5 3. d5 b5 4. cxb5 a6 5. bxa6 g6 6. Nc3 Bg7 7. Nf3 O-O 8.
e4 Qa5 9. Bd2 d6 10. Be2 Qb4 11. Qc2 Bxa6 12. Bxa6 Nxa6 13. O-O Rfb8 14. b3
c4 15. Rab1 Nc5 16. e5 cxb3 17. axb3 Nfd7 18. exd6 exd6 19. Ne2 Qb7 20. b4
Na4 21. Qc6 Ndb6 22. Nf4 Qe7 23. Rfe1 Qf6 24. Rbc1 Bh6 25. Ne2 Bxd2 26.
Nxd2 Rc8 27. Qb5 Qf5 28. Rxc8+ Rxc8 29. Ng3 Qxd5 30. Qe2 Nc3 31. Qe3 Nc4
32. Nxc4 Qxc4 33. Qd2 Qxb4 34. h3 Nd5 35. Qd1 Nf4 36. Re4 Qb2 37. Qxd6 Ne6
38. Kh2 Qb8 39. Qd5 Re8 40. Qc4 h5 41. h4 Rc8 42. Qe2 Ng7 43. Kh3 Qd6 44.
Qf3 Qd7+ 45. Kh2 Re8 46. Rf4 Ne6 47. Re4 Ng7 48. Rxe8+ Qxe8 49. Ne4 Qe5+
50. g3 Nf5 51. Kg2 Nd4 52. Qd3 Ne6 1/2-1/2

[Event "World Blitz 2023"]
[Site "Samarkand UZB"]
[Date "2023.12.29"]
[EventDate "2023.12.29"]
[Round "3.46"]
[Result "0-1"]
[White "Gianmarco Leiva"]
[Black "Surya Shekhar Ganguly"]
[WhiteElo "2338"]
[BlackElo "2549"]
[PlyCount "112"]

1. d4 Nf6 2. Nf3 d5 3. Bf4 c5 4. e3 Nc6 5. Nbd2 e6 6. c3 cxd4 7. exd4 Nh5
8. Bg5 f6 9. Be3 Bd6 10. g3 O-O 11. Be2 g6 12. Bh6 Re8 13. O-O Ne7 14. Bd3
Ng7 15. Bxg7 Kxg7 16. Re1 Nc6 17. c4 dxc4 18. Bxc4 Bb4 19. a3 Ba5 20. b4
Bb6 21. Nb3 e5 22. dxe5 Qxd1 23. Raxd1 Bg4 24. exf6+ Kxf6 25. Rd6+ Kg7 26.
Nbd2 Rxe1+ 27. Nxe1 Ne5 28. Bb3 Re8 29. Kg2 Rf8 30. Ne4 Nf3 31. Nd3 Nd4 32.
Ne5 Bf5 33. Nd2 Nxb3 34. Nxb3 Bc7 35. Rd7+ Bxd7 36. Nxd7 Re8 37. Ndc5 b6
38. Nd3 Rd8 39. Nbc1 a5 40. Kf3 a4 41. Ke4 Kf6 42. f4 h5 43. h3 Re8+ 44.
Kd4 Kf5 45. Nf2 h4 46. gxh4 Bxf4 47. Ncd3 Be3+ 48. Kc4 Bxf2 49. Nxf2 Re3
50. Kb5 Rxa3 51. Nd1 Rd3 52. Nb2 a3 53. Nxd3 a2 54. Kxb6 a1=Q 55. Nc5 Qd4
56. b5 Qd6+ 0-1

[Event "World Blitz 2023"]
[Site "Samarkand UZB"]
[Date "2023.12.29"]
[EventDate "2023.12.29"]
[Round "3.47"]
[Result "1/2-1/2"]
[White "Pavel Ponkratov"]
[Black "Asrorjon Omonov"]
[WhiteElo "2547"]
[BlackElo "2069"]
[PlyCount "92"]

1. Nf3 Nf6 2. c4 e6 3. g3 d5 4. cxd5 exd5 5. Bg2 c6 6. O-O Bf5 7. d3 Be7 8.
Nh4 Be6 9. Qc2 O-O 10. e4 Nbd7 11. Nc3 Re8 12. h3 Qa5 13. Nf3 dxe4 14. dxe4
Rad8 15. Bd2 Qa6 16. e5 Nd5 17. Ng5 Bxg5 18. Bxg5 Rc8 19. Ne4 Bf5 20. g4
Bxe4 21. Bxe4 h6 22. Bh4 Nxe5 23. Bg3 Nf6 24. Bg2 Qc4 25. Rfc1 Qxc2 26.
Rxc2 Rcd8 27. b4 Nd5 28. Rb1 a6 29. a4 Nd3 30. b5 axb5 31. axb5 Ne1 32.
bxc6 Nxc2 33. cxb7 Ncb4 34. b8=Q Rxb8 35. Bxb8 Rxb8 36. Bxd5 Rb6 37. Bc4
Nd5 38. Rd1 Nf4 39. Kh2 g5 40. Rd7 Rf6 41. Kg3 Ng6 42. Ba2 Nh4 43. Rd2 Kg7
44. Bd5 Ng6 45. Be4 Nh4 46. Ra2 1/2-1/2

[Event "World Blitz 2023"]
[Site "Samarkand UZB"]
[Date "2023.12.29"]
[EventDate "2023.12.29"]
[Round "3.48"]
[Result "1-0"]
[White "Lev Zverev"]
[Black "Anton Demchenko"]
[WhiteElo "2299"]
[BlackElo "2545"]
[PlyCount "120"]

1. e4 e5 2. Nf3 Nc6 3. Bc4 Nf6 4. d3 h6 5. O-O d6 6. c3 Be7 7. Bb3 O-O 8.
Nbd2 Be6 9. Bc2 Re8 10. h3 Bf8 11. Re1 a5 12. Nf1 b5 13. Ng3 a4 14. d4 Bd7
15. Be3 Qc8 16. Qd2 Na5 17. b3 c5 18. Rac1 axb3 19. axb3 Qb7 20. d5 c4 21.
b4 Nb3 22. Bxb3 cxb3 23. Qb2 Ra2 24. Qxb3 Rea8 25. Nd2 R2a4 26. Rb1 Ra3 27.
Qc2 Rc8 28. Nb3 Be7 29. Ra1 Rxa1 30. Rxa1 Ra8 31. Rb1 Bd8 32. Kh2 h5 33.
Nf1 h4 34. Nfd2 Nh5 35. c4 bxc4 36. Nxc4 Qc8 37. Qe2 Nf4 38. Bxf4 exf4 39.
Nxd6 Qb8 40. e5 Qxb4 41. Nxf7 Bf5 42. e6 Bxb1 43. Qh5 Bh7 44. Nxd8 Rxd8 45.
Qf7+ Kh8 46. e7 Rg8 47. e8=Q Rxe8 48. Qxe8+ Bg8 49. Qh5+ Bh7 50. Qe8+ Bg8
51. Nc1 Qd2 52. Qh5+ Bh7 53. Ne2 Qe1 54. Qe8+ Bg8 55. Qh5+ Bh7 56. Nxf4
Qxf2 57. Qe8+ Bg8 58. Ng6+ Kh7 59. Nf8+ Kh8 60. Qh5+ 1-0

[Event "World Blitz 2023"]
[Site "Samarkand UZB"]
[Date "2023.12.29"]
[EventDate "2023.12.29"]
[Round "3.49"]
[Result "1-0"]
[White "Evgeniy Najer"]
[Black "Sergey Sklokin"]
[WhiteElo "2545"]
[BlackElo "1995"]
[PlyCount "122"]

1. e4 c6 2. d4 d5 3. e5 Bf5 4. Nf3 e6 5. Be2 c5 6. O-O Nc6 7. c3 Rc8 8. Be3
cxd4 9. Nxd4 Nxd4 10. cxd4 a6 11. Nc3 Ne7 12. Rc1 Nc6 13. g4 Bg6 14. f4 Be4
15. f5 Bb4 16. fxe6 fxe6 17. Nxe4 dxe4 18. Kg2 Qd7 19. Qc2 Ne7 20. Qxe4
Rxc1 21. Bxc1 Qd5 22. Bf3 Qc4 23. Be2 Qd5 24. Bd3 Nc6 25. Qxd5 exd5 26. Be3
Ba5 27. Bc2 Bb6 28. Bb3 Nxe5 29. Bxd5 Nxg4 30. Bg1 Nf6 31. Bxb7 a5 32. Rc1
Kd7 33. Bc6+ Kd6 34. h3 Rc8 35. Bh2+ Ke7 36. d5 Nxd5 37. Kf3 Nb4 38. Re1+
Kf7 39. Bd7 Rc2 40. Bg3 Rxb2 41. Be6+ Kg6 42. Kg4 h5+ 43. Kf3 Nxa2 44. Bc4
Nb4 45. Re6+ Kf5 46. Rxb6 g5 47. Be6+ Kf6 48. Bg4+ Ke7 49. Bd6+ Kf7 50.
Bxh5+ Kg8 51. Be5 Rb3+ 52. Ke4 Rb2 53. Bxb2 Kf8 54. Rb5 Ke7 55. Rxa5 Nc6
56. Rc5 Nd8 57. Rxg5 Ne6 58. Re5 Kd6 59. Ba3+ Kd7 60. Bg4 Kd8 61. Rxe6 1-0

[Event "World Blitz 2023"]
[Site "Samarkand UZB"]
[Date "2023.12.29"]
[EventDate "2023.12.29"]
[Round "3.50"]
[Result "0-1"]
[White "Khumoyun Begmuratov"]
[Black "Velimir Ivic"]
[WhiteElo "2276"]
[BlackElo "2542"]
[PlyCount "86"]

1. e4 c5 2. Nf3 Nc6 3. d4 cxd4 4. Nxd4 e5 5. Nb5 d6 6. c4 Be6 7. Be3 g6 8.
N1c3 a6 9. Na3 Bg7 10. Nc2 Nf6 11. Be2 O-O 12. O-O Rc8 13. Qd2 Ng4 14. Bxg4
Bxg4 15. f3 Be6 16. b3 f5 17. Rad1 Qf6 18. Bg5 Qf7 19. Bh6 Rcd8 20. Bxg7
Qxg7 21. Rf2 f4 22. Qe1 g5 23. Kh1 g4 24. fxg4 Bxg4 25. Rd3 Kh8 26. Qd2 Qg6
27. Qe1 Rg8 28. Nd5 Rg7 29. h3 Be6 30. Kh2 Rdg8 31. Qe2 Qh6 32. Rdf3 Rg3
33. Rd3 Bxh3 34. Kg1 Rxg2+ 35. Rxg2 Rxg2+ 36. Qxg2 Bxg2 37. Kxg2 Qg6+ 38.
Kf2 Qxe4 39. Rd2 Qg6 40. Ne1 Qg3+ 41. Ke2 e4 42. Kd1 f3 43. Nc2 Qg1+ 0-1

[Event "World Blitz 2023"]
[Site "Samarkand UZB"]
[Date "2023.12.29"]
[EventDate "2023.12.29"]
[Round "3.51"]
[Result "1-0"]
[White "Almas Rakhmatullaev"]
[Black "Rudik Makarian"]
[WhiteElo "2218"]
[BlackElo "2540"]
[PlyCount "92"]

1. e4 c5 2. Nf3 d6 3. d4 cxd4 4. Qxd4 Nf6 5. Be2 Nc6 6. Qe3 e6 7. c4 Be7 8.
O-O O-O 9. Rd1 Qc7 10. Nc3 a6 11. b3 b6 12. Ba3 Bb7 13. h3 Rad8 14. Rac1
Nb8 15. Bd3 Nbd7 16. Bb1 Rfe8 17. Rd2 Nc5 18. Rcd1 h6 19. b4 Ncd7 20. b5
Nc5 21. bxa6 Bxa6 22. Nb5 Bxb5 23. cxb5 d5 24. exd5 Nxd5 25. Qe1 Ra8 26.
Bb2 Bf6 27. Ne5 Ra5 28. Nc4 Raa8 29. Bxf6 Nxf6 30. Rd6 Rab8 31. Rc6 Qa7 32.
Nxb6 Rxb6 33. Rxc5 Qa4 34. Bd3 Qxa2 35. Rdc1 g6 36. Qe3 Kg7 37. Rc7 Rbb8
38. Qg3 Kf8 39. Qf4 Kg7 40. Qg3 Kf8 41. Bxg6 Re7 42. Rxe7 Kxe7 43. Qxb8
fxg6 44. Qc7+ Ke8 45. b6 Nd5 46. Qc6+ 1-0